| 000 | 01266nam a2200277Ia 4500 | ||
|---|---|---|---|
| 003 | OSt | ||
| 005 | 20210823165756.0 | ||
| 008 | 210310s2006 ck ad gr 000 0 spa d | ||
| 020 | _a9588225701 | ||
| 040 |
_aCO-JMCR _cCO-JMCR |
||
| 041 | 0 | _aspa | |
| 082 | 0 | 4 |
_a338.85 / _bM246m _223 |
| 100 | 1 |
_aMelo Velandia, Luis Fernando, _eautor _927697 |
|
| 245 | 1 | 0 |
_aMedidas de riesgo, características y técnicas de medición : _buna aplicación del VaR y el ES a la tasa interbancaria de Colombia / _cLuis Fernando Melo Velandia, Óscar Reinaldo Becerra Camargo |
| 250 | _aPrimera edición. | ||
| 260 |
_aBogotá : _bUniversidad Colegio Mayor de Nuestra Señora del Rosario, _c2006. |
||
| 300 |
_a84 páginas : _bilustraciones y gráficas en blanco y negro ; _c24 cm. |
||
| 504 | _aBibliografía : páginas 78-81. | ||
| 505 | 0 | _aManejo de los datos. -- Medidas de riesgo. -- Medidas de riesgo y teoría del valor extremo. -- Estimación y resultados | |
| 650 | 1 | 4 |
_aRiesgo _vFinanzas _zColombia _927699 |
| 650 | 2 | 4 |
_aMétodos de simulación. _939558 |
| 650 | 2 | 4 |
_aMercado de capitales _zColombia _97652 |
| 650 | 2 | 4 |
_aMétodos de simulación. Sistema financiero _zColombia. _939559 |
| 700 |
_aBecerra Camargo, Óscar Reinaldo, _eautor _939560 |
||
| 942 |
_2ddc _cBK |
||
| 999 |
_c12249 _d12249 |
||